000
00356nam a2200157Ia 4500
003
OSt
005
20240224165908.0
008
170524s9999 xx 000 0 und d
020
_a
978-8131704813
040
_c
IIMT UNIVERSITY MEERUT
100
_a
Mahajan- AS
245
0
_a
Electricity and Magnetism
260
_b
TMH
260
_c
2003
942
_2
ddc
_c
02
999
_c
5263
_d
5263